Chromatographic Separations : Analytical Chemistry by Open Learning /
Guardado en:
| Autores principales: | , |
|---|---|
| Formato: | Libro |
| Lenguaje: | inglés |
| Publicado: |
Chichester :
John Wiley & Sons,
1997
|
| Colección: | Analytical Chemistry by Open Learning
|
| Etiquetas: |
Sin Etiquetas, Sea el primero en etiquetar este registro!
|
MARC
| LEADER | 00000nam a22000003a 4500 | ||
|---|---|---|---|
| 001 | stu16316 | ||
| 005 | 20190206124524.6 | ||
| 008 | 970714s1997----uk------------------eng-d | ||
| 020 | |a 0-471-91371-5 | ||
| 040 | |a STU |b slo | ||
| 041 | 0 | |a eng | |
| 044 | |a uk | ||
| 080 | |a 543.544 | ||
| 100 | 1 | |a Sewell, Peter A |4 aut | |
| 245 | 1 | |a Chromatographic Separations : |b Analytical Chemistry by Open Learning / |c [aut.]Sewell,Peter A., Clarke,Brian | |
| 260 | |a Chichester : |b John Wiley & Sons, |c 1997 | ||
| 300 | |a 335 s : |b Tab.,grafy | ||
| 700 | 1 | |a Clarke, Brian |4 aut | |
| 830 | 0 | |a Analytical Chemistry by Open Learning | |
| 996 | |b C94885 |c C*94885 |l CCII |s P |a 0 |w stu16316_0001 | ||